Normal view
MARC view
- Klempner.D,Klempner, D,Frisch, K.C
Entry Personal Name
001 - CONTROL NUMBER
- control field: 69569
003 - CONTROL NUMBER IDENTIFIER
- control field: NUST
005 - DATE AND TIME OF LATEST TRANSACTION
- control field: 20210628204244.0
008 - FIXED-LENGTH DATA ELEMENTS
- fixed length control field: 210628|| aca||aabn | a|a d
040 ## - CATALOGING SOURCE
- Original cataloging agency: NUST
- Transcribing agency: NUST
100 ## - HEADING--PERSONAL NAME
- Personal name: Klempner.D,Klempner, D,Frisch, K.C
670 ## - SOURCE DATA FOUND
- Source citation: Work cat.: (NUST): Klempner.D,Klempner, D,Frisch, K.C, Advances in interpenetrating polymer networks volume 3 &4, 1991
